000 00712cam a2200193 4500
001 J64339
008 000000n1985 000 0 eng u
035 _a(Sirsi) u112309
110 _aInstitute of Building Control
_93341
245 4 _aThe Institution of Building Control Officers weekend school 1985
260 _aEpsom
_bIBC
_c1985
300 _a18p. ; 30cm.
520 _aStored in basement. 9th weekend school held at Southampton University 29th-31st March 1985 organised by the Southern district of the Institution
650 _aIBC
650 _aINSTITUTE OF BUILDING CONTROL
650 _aPROFESSIONAL ASSOCIATIONS
690 _aMANAGEMENT-BUSINESS MANAGEMENT-PROFESSIONAL PRACTICE
942 _n0
999 _c101402
_d101402